| Tag |
First Indicator |
Second Indicator |
Subfields |
| LEADER |
00000cam a2200000 i 4500 |
| 001 |
in00004078021 |
| 005 |
20190718165228.0 |
| 008 |
180507t20192019nyua b s001 0 eng |
| 010 |
|
|
|a 2018009218
|
| 020 |
|
|
|a 9781438472799
|q hardcover
|q alkaline paper
|
| 020 |
|
|
|a 143847279X
|q hardcover
|q alkaline paper
|
| 020 |
|
|
|z 9781438472812
|q electronic book
|
| 035 |
|
|
|a (OCoLC)on1043954289
|
| 040 |
|
|
|a DLC
|e rda
|c DLC
|d UtOrBLW
|
| 049 |
|
|
|a TXAM
|
| 050 |
0 |
0 |
|a PN1995.9.C33255
|b S94 2019
|
| 082 |
0 |
0 |
|a 791.436/553
|2 23
|
| 100 |
1 |
|
|a Sweedler, Milo,
|d 1963-
|e author.
|0 http://id.loc.gov/authorities/names/n2008074793
|
| 245 |
1 |
0 |
|a Rumble and crash :
|b crises of capitalism in contemporary film /
|c Milo Sweedler.
|
| 264 |
|
1 |
|a Albany :
|b State University of New York Press,
|c [2019]
|
| 264 |
|
4 |
|c ©2019
|
| 300 |
|
|
|a xxxii, 186 pages ;
|b illustrations ;
|c 24 cm.
|
| 336 |
|
|
|a text
|b txt
|2 rdacontent
|
| 337 |
|
|
|a unmediated
|b n
|2 rdamedia
|
| 338 |
|
|
|a volume
|b nc
|2 rdacarrier
|
| 490 |
1 |
|
|a SUNY series, horizons of cinema
|
| 504 |
|
|
|a Includes bibliographical references and index.
|
| 505 |
0 |
|
|a Introduction -- Exceptions and rules: states of emergency in Children of men -- Mapping Syriana -- Corporate murder in The constant gardener -- Secrets of primitive accumulation: Inside man -- Fictitious capital and narrative spin in The wolf of Wall Street -- The meltdown and the bailout without the recovery: Blue jasmine -- Conclusion: allegories for the present.
|
| 650 |
|
0 |
|a Motion pictures
|x History
|y 21st century.
|
| 650 |
|
0 |
|a Capitalism in motion pictures.
|0 http://id.loc.gov/authorities/subjects/sh2018001169
|
| 650 |
|
0 |
|a Politics in motion pictures.
|0 http://id.loc.gov/authorities/subjects/sh85104474
|
| 830 |
|
0 |
|a SUNY series, horizons of cinema.
|0 http://id.loc.gov/authorities/names/n2004039992
|
| 945 |
|
|
|b 17668
|
| 947 |
|
|
|a A14850753808
|
| 948 |
|
|
|a cataloged
|b h
|c 2019/5/15
|d c
|e dmitchel
|f 9:30:20 am
|
| 994 |
|
|
|a 92
|b TXA
|
| 999 |
f |
f |
|s d7f87a7d-5391-381e-b786-0ad95a0aa137
|i 5385b22b-a3ba-3aaf-a341-3b8c16672877
|t 0
|
| 952 |
f |
f |
|p normal
|a Texas A&M University
|b College Station
|c Sterling C. Evans Library
|d Evans: Library Stacks
|t 0
|e PN1995.9.C33255 S94 2019
|h Library of Congress classification
|i unmediated -- volume
|m A14850753808
|
| 998 |
f |
f |
|a PN1995.9.C33255 S94 2019
|t 0
|l Evans: Library Stacks
|